000 00481cam a2200205ua 4500
001 10022
005 20260515114544.0
008 170317n ii |||gr||||Z||||||asm
040 _cMAIN
041 _aasm
082 _a739.27
100 _aSarma, Kali Prasad,
_eAuthor.
245 _aRatna bichar
_cBy Kali Prasad Sarma
250 _a1st ed.
260 _aGuwahati:
_bRuby publishers,
_c1981.
300 _a152p.
653 _aArt metalwork
653 _aJewelry
942 _cBK
999 _c9013
_d9013